000 01058nam a22002897a 4500
001 9473
003 FISKH
005 20260317130504.0
008 260114b cb ||||| |||| 00| 0 eng d
020 _a9788184510867
040 _aFISKH
_beng
_cFISKH
_dFISKH
050 _aPZ7
082 _a635
100 _aAnonymous
_eAuthor
245 _aVegetables /
260 _aNew Delhi :
_bDreamland Publications ,
_c2011
300 _a10 unnumbered pages :
_bcolor illustrations ;
_c17 cm
490 _aMy small board book of
505 _aC
520 _aThis board book introduces common vegetables (such as carrot, potato, tomato, etc.) Each page usually shows one vegetable with a clear picture and its name. The focus is on recognition and vocabulary building, not detailed information. Designed for very young children to learn first words and identify foods.
521 8 _a100
_bLexile estimate
521 8 _aC
_bRaz-Plus
650 _aBoard book
_vKids
650 _aVegetables
_vVocabulary building
942 _2ddc
_cBK
_n0
999 _c9473
_d9473